000 00448nam a22001691a 4500
001 4912
003 OSt
005 20260204211953.0
008 051009s1998||||dr ||||||b||||||||||spa||
050 _aRD 972.9304 A12t
110 _aAcademia Dominicana de la Historia
245 _aLa Trinitaria en su sesquicentenario
264 _aSanto Domingo: Editora Tiempo
300 _a130 p
650 _aRepública Dominicana - HistoriaÌ
942 _2ddc
_cBK
999 _c4912
_d4912